Guide to information sources in engineering

Saved in:
Bibliographic Details
Main Author: Lord, Charles R.
Format: Book
Language:Undetermined
Published: Westport, CN LU 2000
Subjects:
Tags: Add Tag
No Tags, Be the first to tag this record!
Institutions: Trung tâm Học liệu Trường Đại học Cần Thơ
LEADER 00555nam a2200193Ia 4500
001 CTU_102923
008 210402s9999 xx 000 0 und d
082 |a 025.066 
082 |b L866 
100 |a Lord, Charles R. 
245 0 |a Guide to information sources in engineering 
245 0 |c Charles R. Lord 
260 |a Westport, CN 
260 |b LU 
260 |c 2000 
650 |a Technical literature,Technology,Engineering 
650 |x Information services,Bibliography 
904 |i Minh 
980 |a Trung tâm Học liệu Trường Đại học Cần Thơ